[Event "Torino Sada op"]
[Site "Torino"]
[Date "2012.10.15"]
[Round "5"]
[White "Zara, Enrico"]
[Black "Coqueraut, Lodewyk"]
[Result "1/2-1/2"]
[WhiteElo "1874"]
[BlackElo "1818"]
[PlyCount "92"]
[EventDate "2012.09.17"]
[EventType "swiss"]
[EventRounds "7"]
[EventCountry "ITA"]
[SourceTitle "EXT 2018"]
[Source "ChessBase"]
[SourceDate "2017.10.13"]
[SourceVersion "1"]
[SourceVersionDate "2017.10.13"]
[SourceQuality "1"]

1. d4 Nf6 2. Nf3 g6 3. c4 Bg7 4. Nc3 0-0 5. e4 d6 6. Be2 e5 7. d5 c6 8. 0-0 Na6 9. dxc6 bxc6 10. a3 Nc5 11. Qc2 a5 12. Be3 Ne6 13. Rad1 Qe7 14. h3 Bb7 15. Rd2 c5 16. Nd5 Nxd5 17. exd5 Nd4 18. Bxd4 exd4 19. Re1 Qd8 20. Bd3 Bc8 21. Rde2 Bd7 22. Qd2 Rb8 23. Qf4 Ba4 24. h4 Qf6 25. Qg3 Rfe8 26. Ng5 Rxe2 27. Rxe2 Bh6 28. Ne4 Qf4 29. Qxf4 Bxf4 30. g3 Bc1 31. Nxd6 Bxb2 32. Re7 Rf8 33. Ra7 Bc3 34. Rc7 Bd1 35. Rxc5 Bf3 36. Rc8 Bb2 37. Rxf8+ Kxf8 38. Nb5 Ke7 39. Kf1 Kd7 40. Ke1 Bc3+ 41. Nxc3 dxc3 42. Bc2 Kd6 43. Bd1 Be4 44. Bb3 Bf3 45. Bd1 Be4 46. Bb3 Bf3 1/2-1/2

[Event "Torino Sada op"]
[Site "Torino"]
[Date "2012.10.08"]
[Round "4"]
[White "Ravazzolo, Gaia"]
[Black "Zara, Enrico"]
[Result "0-1"]
[WhiteElo "1690"]
[BlackElo "1874"]
[PlyCount "60"]
[EventDate "2012.09.17"]
[EventType "swiss"]
[EventRounds "7"]
[EventCountry "ITA"]
[SourceTitle "EXT 2018"]
[Source "ChessBase"]
[SourceDate "2017.10.13"]
[SourceVersion "1"]
[SourceVersionDate "2017.10.13"]
[SourceQuality "1"]

1. d4 Nf6 2. c4 g6 3. Nf3 Bg7 4. g3 0-0 5. Bg2 c6 6. 0-0 d6 7. Nc3 Nbd7 8. e4 e5 9. b4 exd4 10. Nxd4 Ne5 11. Qb3 Qb6 12. Nce2 Bg4 13. c5 dxc5 14. bxc5 Qxb3 15. axb3 Bxe2 16. Nxe2 Nd3 17. Ra5 a6 18. Bg5 h6 19. Bxf6 Bxf6 20. Nc1 Rad8 21. Nxd3 Rxd3 22. Rb1 Rfd8 23. Ra2 Rd2 24. Rxd2 Rxd2 25. b4 Bd4 26. Rf1 Rb2 27. Bh3 Rxb4 28. Rd1 a5 29. Bc8 a4 30. Bxb7 a3 0-1

[Event "Torino Sada op"]
[Site "Torino"]
[Date "2012.10.01"]
[Round "3"]
[White "Zara, Enrico"]
[Black "Artero, Carlo"]
[Result "1/2-1/2"]
[WhiteElo "1874"]
[BlackElo "1767"]
[PlyCount "36"]
[EventDate "2012.09.17"]
[EventType "swiss"]
[EventRounds "7"]
[EventCountry "ITA"]
[SourceTitle "EXT 2018"]
[Source "ChessBase"]
[SourceDate "2017.10.13"]
[SourceVersion "1"]
[SourceVersionDate "2017.10.13"]
[SourceQuality "1"]

1. d4 Nf6 2. Nf3 e6 3. c4 c5 4. d5 exd5 5. cxd5 d6 6. Nc3 g6 7. e4 Bg7 8. Be2 0-0 9. 0-0 Nbd7 10. Bf4 Nb6 11. h3 Qe7 12. Qc2 a6 13. Rfe1 Nbd7 14. a4 Nh5 15. Bh2 Ne5 16. Nxe5 Bxe5 17. Bxe5 Qxe5 18. Bxh5 Qxh5 1/2-1/2

[Event "ITA-ch qual"]
[Site "Saint Vincent"]
[Date "2008.07.27"]
[Round "9"]
[White "Zara, Enrico"]
[Black "Saviano, Sabato"]
[Result "1-0"]
[WhiteElo "1875"]
[BlackElo "1693"]
[PlyCount "67"]
[EventDate "2008.07.19"]
[EventType "swiss"]
[EventRounds "9"]
[EventCountry "ITA"]
[SourceTitle "EXT 2009"]
[Source "ChessBase"]
[SourceDate "2008.11.26"]
[SourceVersion "1"]
[SourceVersionDate "2008.11.26"]
[SourceQuality "1"]

1. d4 Nf6 2. Nf3 g6 3. c4 Bg7 4. Nc3 d6 5. g3 Bg4 6. Bg2 Nc6 7. 0-0 Qd7 8. e4 0-0 9. Be3 Bh3 10. Bxh3 Qxh3 11. Ng5 Qd7 12. f4 h6 13. Nf3 Qh3 14. Qe2 Ng4 15. Rad1 Nxe3 16. Qxe3 a6 17. e5 e6 18. Ne4 Qh5 19. Kg2 Ne7 20. h3 Nf5 21. Qf2 g5 22. g4 Nh4+ 23. Nxh4 Qxh4 24. fxg5 hxg5 25. Nf6+ Bxf6 26. Qxf6 Rad8 27. d5 dxe5 28. dxe6 Rxd1 29. exf7+ Kh7 30. Qf5+ Kh6 31. Rxd1 e4 32. Qf6+ Kh7 33. Rd8 Rxd8 34. Qxd8 1-0